[Event "Madrid 2019-2020 ch - Previa b"]
[Site "Madrid ESP"]
[Date "2020.02.06"]
[Round "1.1"]
[White "Rey Martinez, Jaime"]
[Black "De la Orden Alcocer, Alejandro"]
[Result "0-1"]
[WhiteElo "1687"]
[BlackElo "2005"]
[PlyCount "64"]
[EventDate "2020.02.06"]
[EventType "swiss"]
[EventRounds "9"]
[EventCountry "ESP"]
[SourceTitle "Ajedrez en Madrid"]
[Source "lmi"]
[SourceDate "2020.02.06"]
[SourceVersion "1"]
[SourceVersionDate "2020.03.02"]
[SourceQuality "1"]

1. e4 Nf6 2. e5 Nd5 3. d4 d6 4. c4 Nb6 5. f4 dxe5 6. fxe5 c5 7. d5 g6 8. Nc3
Bg7 9. Bf4 O-O 10. Qd2 e6 11. O-O-O exd5 12. cxd5 Bg4 13. Re1 Na6 14. e6 fxe6
15. h3 Nxd5 16. Nxd5 Qxd5 17. Qxd5 exd5 18. Bd6 Bh6+ 19. Kc2 Bf5+ 20. Kc3 Bg7+
21. Kd2 Rf6 22. Be7 Rb6 23. b3 Bh6+ 24. Kc3 d4+ 25. Kb2 Rc8 26. Nf3 c4 27. Ng5
c3+ 28. Ka1 d3 29. g4 d2 30. Bg2 dxe1=Q+ 31. Rxe1 Bxg5 32. Bxg5 Be6 0-1

[Event "Madrid 2019-2020 ch - Previa b"]
[Site "Madrid ESP"]
[Date "2020.02.06"]
[Round "1.2"]
[White "Ocaña Lameiro, Oliver"]
[Black "Galarreta Santana, Javier"]
[Result "1-0"]
[WhiteElo "1992"]
[BlackElo "1666"]
[PlyCount "72"]
[EventDate "2020.02.06"]
[EventType "swiss"]
[EventRounds "9"]
[EventCountry "ESP"]
[SourceTitle "Ajedrez en Madrid"]
[Source "lmi"]
[SourceDate "2020.02.06"]
[SourceVersion "1"]
[SourceVersionDate "2020.03.02"]
[SourceQuality "1"]

1. c4 Nf6 2. Nc3 e6 3. e4 d5 4. e5 d4 5. exf6 dxc3 6. bxc3 Qxf6 7. Nf3 Bd6 8.
d4 h6 9. c5 Bxc5 10. dxc5 Qxc3+ 11. Bd2 Qxc5 12. Rc1 Qb6 13. Bc3 O-O 14. Qd4
Qxd4 15. Nxd4 a6 16. Bb4 Re8 17. Rxc7 e5 18. Nf3 Nc6 19. Bc3 Ne7 20. Bc4 b5 21.
Bb3 e4 22. Nd4 Kf8 23. Bb4 a5 24. Bc5 Ba6 25. Nf5 Rac8 26. Rxc8 Rxc8 27. Bxe7+
Kg8 28. Ba3 Rc7 29. Bb2 a4 30. Bd1 f6 31. O-O b4 32. Re1 a3 33. Bb3+ Kh7 34.
Bc1 Bd3 35. Bd2 g6 36. Ne3 f5 1-0

[Event "Madrid 2019-2020 ch - Previa b"]
[Site "Madrid ESP"]
[Date "2020.02.06"]
[Round "1.3"]
[White "De Dompablo Fantova, Juan"]
[Black "Martin Arbeloa, Fernando"]
[Result "0-1"]
[WhiteElo "1664"]
[BlackElo "1991"]
[PlyCount "76"]
[EventDate "2020.02.06"]
[EventType "swiss"]
[EventRounds "9"]
[EventCountry "ESP"]
[SourceTitle "Ajedrez en Madrid"]
[Source "lmi"]
[SourceDate "2020.02.06"]
[SourceVersion "1"]
[SourceVersionDate "2020.03.02"]
[SourceQuality "1"]

1. e4 c5 2. Nc3 Nc6 3. f4 g6 4. Nf3 Bg7 5. a3 e6 6. Bc4 Nge7 7. O-O O-O 8. d3
Nd4 9. Nxd4 cxd4 10. Ne2 d5 11. Bb3 dxe4 12. dxe4 Qb6 13. Kh1 Bd7 14. Rb1 Bc6
15. Ng3 Bb5 16. Re1 Rac8 17. f5 exf5 18. exf5 Nxf5 19. Nxf5 gxf5 20. Qh5 Qg6
21. Qxg6 hxg6 22. Bg5 Bc6 23. Rbd1 Be4 24. Rd2 a6 25. Kg1 Rfe8 26. Rde2 Kf8 27.
g4 d3 28. cxd3 Bd4+ 29. Be3 Bxd3 30. Bxd4 Rxe2 31. Rd1 Bc2 32. Rc1 fxg4 33. Bf2
Bf5 34. Rf1 Rxb2 35. Bd5 Rd8 36. Bc5+ Kg8 37. Bg2 Rd7 38. Bf2 Rb1 0-1

[Event "Madrid 2019-2020 ch - Previa b"]
[Site "Madrid ESP"]
[Date "2020.02.06"]
[Round "1.4"]
[White "Andrade Sandoval, Bianca"]
[Black "Palacios Sanchez, Victor"]
[Result "1-0"]
[WhiteElo "1966"]
[BlackElo "1652"]
[PlyCount "103"]
[EventDate "2020.02.06"]
[EventType "swiss"]
[EventRounds "9"]
[EventCountry "ESP"]
[SourceTitle "Ajedrez en Madrid"]
[Source "lmi"]
[SourceDate "2020.02.06"]
[SourceVersion "1"]
[SourceVersionDate "2020.03.02"]
[SourceQuality "1"]

1. d4 Nf6 2. Bf4 e6 3. Nf3 d5 4. e3 Bd6 5. Ne5 O-O 6. Nd2 c5 7. Ndf3 Qc7 8. c3
Nbd7 9. Bd3 c4 10. Bc2 Ne4 11. Qb1 f5 12. h3 b5 13. a3 a5 14. Qd1 Rb8 15. Nxd7
Bxd7 16. Bxd6 Qxd6 17. Ne5 b4 18. axb4 axb4 19. Bxe4 fxe4 20. Ra7 Bc6 21. Qg4
Rb7 22. Nxc6 Qxc6 23. Rxb7 Qxb7 24. Qxe6+ Qf7 25. Qxf7+ Kxf7 26. cxb4 Rb8 27.
Kd2 Rxb4 28. Kc2 Ra4 29. f3 exf3 30. gxf3 Rb4 31. Ra1 Rb3 32. Ra3 Rb6 33. e4
Rh6 34. Ra7+ Kf8 35. exd5 Rxh3 36. d6 Ke8 37. Re7+ Kd8 38. Rf7 g5 39. Kc3 g4
40. Kxc4 gxf3 41. b4 Rh1 42. Rxf3 Kd7 43. Kc5 Rc1+ 44. Kd5 Rb1 45. Rf7+ Kd8 46.
Rxh7 Rb2 47. Rb7 Rb1 48. b5 Rb2 49. b6 Rb1 50. d7 Rb2 51. Kc5 Rb1 52. Kc6 1-0

[Event "Madrid 2019-2020 ch - Previa b"]
[Site "Madrid ESP"]
[Date "2020.02.06"]
[Round "1.6"]
[White "Rojas Pozo, Jose Luis"]
[Black "Canseco Arenas, Alfonso"]
[Result "1-0"]
[WhiteElo "1938"]
[BlackElo "1604"]
[PlyCount "105"]
[EventDate "2020.02.06"]
[EventType "swiss"]
[EventRounds "9"]
[EventCountry "ESP"]
[SourceTitle "Ajedrez en Madrid"]
[Source "lmi"]
[SourceDate "2020.02.06"]
[SourceVersion "1"]
[SourceVersionDate "2020.03.02"]
[SourceQuality "1"]

1. d4 Nf6 2. c4 c5 3. d5 e6 4. Nc3 exd5 5. cxd5 d6 6. e4 g6 7. Be2 Bg7 8. Nf3
O-O 9. O-O Re8 10. Nd2 a6 11. a4 Nbd7 12. h3 Qc7 13. Qc2 Rb8 14. b3 Ne5 15. Bb2
c4 16. bxc4 Ned7 17. Rab1 Nc5 18. Bd3 Nh5 19. Ne2 Nf6 20. Bc3 Bd7 21. Ra1 Re7
22. a5 Rbe8 23. f3 Qc8 24. Kh2 Nh5 25. g4 Nf6 26. Ng3 Qc7 27. Be2 Bc8 28. Qb2
Nfxe4 29. Ndxe4 Nxe4 30. Nxe4 f5 31. Bxg7 fxe4 32. Bf6 exf3 33. Bxf3 Rf7 34.
Qd4 Ref8 35. Be2 Qd7 36. Bh8 Qe7 37. Bd3 Bxg4 38. Rxf7 Rxf7 39. Rf1 Rxf1 40.
Bxf1 Bf5 41. Qf6 Qd7 42. h4 h5 43. Kg3 Qc7 44. Kf4 Qd7 45. Be2 Kh7 46. Kg3 Kh6
47. Kf2 Qc7 48. Qd4 Qf7 49. Qf4+ Kh7 50. Bd4 Qe7 51. Bc3 Qd8 52. Qd4 Qd7 53.
Qh8# 1-0

[Event "Madrid 2019-2020 ch - Previa b"]
[Site "Madrid ESP"]
[Date "2020.02.06"]
[Round "1.7"]
[White "Viñas Blasco, Jorge"]
[Black "Moreno Torrero, Javier"]
[Result "1/2-1/2"]
[WhiteElo "1596"]
[BlackElo "1918"]
[PlyCount "98"]
[EventDate "2020.02.06"]
[EventType "swiss"]
[EventRounds "9"]
[EventCountry "ESP"]
[SourceTitle "Ajedrez en Madrid"]
[Source "lmi"]
[SourceDate "2020.02.06"]
[SourceVersion "1"]
[SourceVersionDate "2020.03.02"]
[SourceQuality "1"]

1. Nf3 Nf6 2. g3 g6 3. b3 Bg7 4. Bb2 d5 5. c4 c6 6. Bg2 O-O 7. O-O Nbd7 8. d4
Re8 9. Nbd2 e5 10. Nxe5 Nxe5 11. dxe5 Ng4 12. cxd5 cxd5 13. Nf3 Nxe5 14. Nxe5
Bxe5 15. Bxe5 Rxe5 16. e3 Bf5 17. Qd4 Qd6 18. Rac1 b6 19. Rfd1 Rd8 20. Rd2 Qa3
21. Rcd1 Ree8 22. Qa1 Bg4 23. f3 Be6 24. e4 d4 25. Bf1 Rd6 26. Qb2 Qxb2 27.
Rxb2 f6 28. Rc2 Re7 29. Kf2 Kf8 30. Bb5 Bd7 31. Bc4 Bc6 32. Rcd2 b5 33. Bd5
Bxd5 34. Rxd4 Bxb3 35. axb3 Rxd4 36. Rxd4 Rc7 37. Ke3 Ke7 38. f4 Rc2 39. Rd2
Rc6 40. Rd5 a6 41. Kd2 h5 42. h4 b4 43. Rd4 a5 44. Ke2 Rc3 45. Rd3 Rc5 46. Rd4
g5 47. Kd2 gxh4 48. gxh4 Rc3 49. Rd3 Rc5 1/2-1/2

[Event "Madrid 2019-2020 ch - Previa b"]
[Site "Madrid ESP"]
[Date "2020.02.06"]
[Round "1.8"]
[White "Marin Aso, Jose Luis"]
[Black "Rodriguez Torres, Manuel"]
[Result "1-0"]
[WhiteElo "1906"]
[BlackElo "1595"]
[PlyCount "69"]
[EventDate "2020.02.06"]
[EventType "swiss"]
[EventRounds "9"]
[EventCountry "ESP"]
[SourceTitle "Ajedrez en Madrid"]
[Source "lmi"]
[SourceDate "2020.02.06"]
[SourceVersion "1"]
[SourceVersionDate "2020.03.02"]
[SourceQuality "1"]

1. c4 e5 2. Nc3 Bb4 3. Qc2 Nf6 4. Nf3 Nc6 5. e3 O-O 6. Nd5 Re8 7. Qf5 d6 8.
Nxf6+ gxf6 9. Qh5 d5 10. cxd5 Qxd5 11. Be2 Kh8 12. Qh4 Be7 13. Bc4 Qa5 14. Bxf7
Bf5 15. O-O Rf8 16. Bc4 e4 17. Ne1 Ne5 18. Be2 Rg8 19. Qf4 Bd6 20. Qh4 Rg6 21.
f4 exf3 22. Nxf3 Rag8 23. Ne1 Qd5 24. Rf2 Ng4 25. Bxg4 Bxg4 26. d3 Rg5 27. e4
Rh5 28. Qxf6+ Rg7 29. exd5 Bxh2+ 30. Kf1 Bg3 31. Nf3 Rh1+ 32. Ke2 Bh4 33. Qxg7+
Kxg7 34. Bh6+ Kxh6 35. Rxh1 1-0

[Event "Madrid 2019-2020 ch - Previa b"]
[Site "Madrid ESP"]
[Date "2020.02.06"]
[Round "1.9"]
[White "Cujba, Anca-Claudia"]
[Black "Estevez Sacristan, Deva"]
[Result "0-1"]
[WhiteElo "1591"]
[BlackElo "1885"]
[PlyCount "104"]
[EventDate "2020.02.06"]
[EventType "swiss"]
[EventRounds "9"]
[EventCountry "ESP"]
[SourceTitle "Ajedrez en Madrid"]
[Source "lmi"]
[SourceDate "2020.02.06"]
[SourceVersion "1"]
[SourceVersionDate "2020.03.02"]
[SourceQuality "1"]

1. d4 d5 2. g3 Nf6 3. Bg2 Bf5 4. Nf3 e6 5. c4 Bd6 6. Qb3 dxc4 7. Qxb7 Be4 8.
Qb5+ Nc6 9. a3 O-O 10. Qxc4 Rb8 11. Nbd2 Bd5 12. Qa4 e5 13. dxe5 Nxe5 14. O-O
Nxf3+ 15. Bxf3 Bc5 16. Bxd5 Qxd5 17. Qc4 Qh5 18. Nf3 Rfe8 19. b4 Bb6 20. Bb2
Ne4 21. Rad1 Re6 22. Rd5 Qh3 23. Nd4 Qxf1+ 24. Kxf1 Nd2+ 25. Kg2 Nxc4 26. Bc1
Bxd4 27. Rxd4 Nd6 28. e3 Kf8 29. Bb2 g6 30. Rh4 h5 31. g4 Rb5 32. Bd4 a5 33.
Bc5 axb4 34. axb4 hxg4 35. Rxg4 Ke8 36. Rh4 Kd7 37. Rh7 Kc6 38. Rh4 Ne4 39. Bf8
Nd6 40. Rh7 Rxb4 41. Bxd6 Kxd6 42. Rxf7 c5 43. Kf1 Rb2 44. Rf4 Kd5 45. h4 c4
46. Rd4+ Kc5 47. h5 gxh5 48. Rh4 c3 49. Rxh5+ Kc4 50. Rh4+ Kb3 51. Rh8 c2 52.
Rb8+ Ka2 0-1

[Event "Madrid 2019-2020 ch - Previa b"]
[Site "Madrid ESP"]
[Date "2020.02.06"]
[Round "1.10"]
[White "Lopez Ziegler, Carlos"]
[Black "Sastre Pavicich, Ruben A."]
[Result "1-0"]
[WhiteElo "1877"]
[BlackElo "1577"]
[PlyCount "75"]
[EventDate "2020.02.06"]
[EventType "swiss"]
[EventRounds "9"]
[EventCountry "ESP"]
[SourceTitle "Ajedrez en Madrid"]
[Source "lmi"]
[SourceDate "2020.02.06"]
[SourceVersion "1"]
[SourceVersionDate "2020.03.02"]
[SourceQuality "1"]

1. e4 e6 2. d4 d5 3. Nd2 Nf6 4. e5 Nfd7 5. Bd3 c5 6. c3 Nc6 7. Ngf3 c4 8. Bc2
Be7 9. h4 f5 10. Nf1 h6 11. Ng3 Nb6 12. a4 a5 13. Nh5 Bf8 14. Nf4 Ne7 15. h5
Qc7 16. g4 Qc6 17. Nh4 Bd7 18. gxf5 O-O-O 19. fxe6 Bxe6 20. Nxe6 Qxe6 21. f4
Kb8 22. f5 Qc8 23. Bf4 Ka7 24. Qf3 Qc6 25. Rg1 Qe8 26. Kd2 Rc8 27. Be3 Rc6 28.
Ng6 Nxg6 29. hxg6 Rg8 30. f6 gxf6 31. exf6 Qe6 32. Raf1 Nd7 33. Bf5 Qxf6 34.
Bxd7 Qxf3 35. Rxf3 Rb6 36. Kc1 Rd6 37. Be8 Be7 38. Bf7 1-0

[Event "Madrid 2019-2020 ch - Previa b"]
[Site "Madrid ESP"]
[Date "2020.02.06"]
[Round "1.11"]
[White "Lopez Martinez, Antonio"]
[Black "Garcia Serrano, Jose Manuel"]
[Result "0-1"]
[WhiteElo "1563"]
[BlackElo "1863"]
[PlyCount "54"]
[EventDate "2020.02.06"]
[EventType "swiss"]
[EventRounds "9"]
[EventCountry "ESP"]
[SourceTitle "Ajedrez en Madrid"]
[Source "lmi"]
[SourceDate "2020.02.06"]
[SourceVersion "1"]
[SourceVersionDate "2020.03.02"]
[SourceQuality "1"]

1. e4 e5 2. Nf3 Nc6 3. Bb5 a6 4. Ba4 Nf6 5. d3 b5 6. Bb3 h6 7. c3 Bc5 8. O-O
Bb6 9. Be3 Rb8 10. Bxb6 Rxb6 11. Nbd2 d6 12. Re1 Bg4 13. Nf1 Rb8 14. Ng3 Ne7
15. h3 Bd7 16. d4 Ng6 17. Nf5 Kf8 18. Ne3 Qe8 19. Kh2 Nf4 20. Ng1 h5 21. Nf1 g5
22. g3 Ng4+ 23. Qxg4 hxg4 24. gxf4 gxf4 25. f3 Qe7 26. fxg4 Bxg4 27. Bd1 Bxh3
0-1

[Event "Madrid 2019-2020 ch - Previa b"]
[Site "Madrid ESP"]
[Date "2020.02.06"]
[Round "1.12"]
[White "Santamaria Baeza, Adolfo"]
[Black "Mosteiro Montoro, Alvaro"]
[Result "0-1"]
[WhiteElo "1857"]
[BlackElo "1477"]
[PlyCount "110"]
[EventDate "2020.02.06"]
[EventType "swiss"]
[EventRounds "9"]
[EventCountry "ESP"]
[SourceTitle "Ajedrez en Madrid"]
[Source "lmi"]
[SourceDate "2020.02.06"]
[SourceVersion "1"]
[SourceVersionDate "2020.03.02"]
[SourceQuality "1"]

1. e4 c5 2. Ne2 Nc6 3. c3 d6 4. d4 cxd4 5. cxd4 d5 6. e5 e6 7. Nec3 a6 8. Be3
Be7 9. Qg4 g6 10. Nd2 Nb4 11. Rc1 Bd7 12. a3 Nc6 13. Bd3 Bf8 14. O-O Bh6 15.
Qh3 Bxe3 16. fxe3 Qg5 17. Nb3 b5 18. Nc5 Bc8 19. Nxb5 axb5 20. Bxb5 Nge7 21.
Na4 O-O 22. Rxc6 Bd7 23. Rb6 Bxb5 24. Rxb5 Rxa4 25. Qf3 Nf5 26. Rb3 Rc4 27. Qf2
Rfc8 28. g3 Qg4 29. Rd3 Rc2 30. Rd2 Qe4 31. Rfd1 Nxe3 32. Re1 Rc1 33. Rde2
Rxe1+ 34. Qxe1 Rc2 35. b4 Rxe2 36. Qxe2 Qxd4 37. Kf2 Nc4+ 38. Kg2 Nxa3 39. b5
Qb6 40. Qb2 Nxb5 41. Qb4 Qc6 42. Qa5 Nc7 43. Qd2 Kg7 44. h4 Qc4 45. Qg5 Qe4+
46. Kh2 Qf5 47. Qe3 Nb5 48. Qc5 Qb1 49. Qe7 Qb2+ 50. Kh1 Qxe5 51. Qc5 Nd4 52.
g4 Qe4+ 53. Kh2 Qxg4 54. h5 Nf3+ 55. Kh1 Qh3# 0-1

[Event "Madrid 2019-2020 ch - Previa b"]
[Site "Madrid ESP"]
[Date "2020.02.06"]
[Round "1.13"]
[White "Fariñas Lucas, Juan Antonio"]
[Black "Pajuelo Morales, Raul"]
[Result "0-1"]
[WhiteElo "1448"]
[BlackElo "1836"]
[PlyCount "102"]
[EventDate "2020.02.06"]
[EventType "swiss"]
[EventRounds "9"]
[EventCountry "ESP"]
[SourceTitle "Ajedrez en Madrid"]
[Source "lmi"]
[SourceDate "2020.02.06"]
[SourceVersion "1"]
[SourceVersionDate "2020.03.02"]
[SourceQuality "1"]

1. e4 c5 2. Nf3 Nc6 3. Bb5 g6 4. Bxc6 dxc6 5. h3 Bg7 6. c3 e5 7. Qe2 Ne7 8. d3
h6 9. Be3 b6 10. Na3 f5 11. Rd1 f4 12. Bc1 b5 13. Nc2 Be6 14. b3 Qa5 15. b4
cxb4 16. cxb4 Qc7 17. a3 O-O 18. O-O g5 19. Nh2 c5 20. Bb2 Ng6 21. f3 Rac8 22.
Qf2 cxb4 23. Nxb4 a5 24. Rc1 Qd6 25. Nc2 Qxd3 26. Rfd1 Qb3 27. Ne1 Rfd8 28.
Rxd8+ Rxd8 29. Rc3 Qd1 30. Nf1 Qd4 31. Rd3 Qxf2+ 32. Kxf2 Rxd3 33. Nxd3 Bc4 34.
Ke2 Nh4 35. g3 Bxd3+ 36. Kxd3 Nxf3 37. Bc3 Bf8 38. Bxa5 Bxa3 39. Kc3 Bc5 40.
gxf4 gxf4 41. Nd2 Nxd2 42. Kxd2 f3 43. Bc7 Bd4 44. Bd6 Kf7 45. Ke1 Ke6 46. Bf8
h5 47. Kf1 Kd7 48. Bb4 Kc6 49. h4 Bc5 50. Bc3 Kd6 51. Bb2 b4 0-1

[Event "Madrid 2019-2020 ch - Previa b"]
[Site "Madrid ESP"]
[Date "2020.02.06"]
[Round "1.14"]
[White "Martin Garcia, Luis I"]
[Black "Sastre Picierro, Martin"]
[Result "1-0"]
[WhiteElo "1817"]
[BlackElo "1413"]
[PlyCount "133"]
[EventDate "2020.02.06"]
[EventType "swiss"]
[EventRounds "9"]
[EventCountry "ESP"]
[SourceTitle "Ajedrez en Madrid"]
[Source "lmi"]
[SourceDate "2020.02.06"]
[SourceVersion "1"]
[SourceVersionDate "2020.03.02"]
[SourceQuality "1"]

1. e4 c5 2. Nf3 Nc6 3. d4 cxd4 4. Nxd4 e5 5. Nb5 d6 6. N1c3 a6 7. Na3 Nf6 8. f3
b5 9. Nd5 Nxd5 10. Qxd5 Qb6 11. c3 Be6 12. Qd3 Be7 13. Be3 Qc7 14. g3 Rd8 15.
c4 Qa5+ 16. Kf2 bxc4 17. Nxc4 Qb4 18. a3 Bxc4 19. axb4 Bxd3 20. Bxd3 Nxb4 21.
Bxa6 O-O 22. Rhd1 Rb8 23. Bc4 Nc2 24. Ra2 Nxe3 25. Kxe3 g6 26. b3 Kg7 27. Ra7
Kf6 28. g4 g5 29. h4 h6 30. h5 d5 31. Ra6+ Kg7 32. Rxd5 f6 33. Rd7 Rfe8 34. Kd3
Red8 35. Raa7 Rxd7+ 36. Rxd7 Rd8 37. Rxd8 Bxd8 38. b4 Kf8 39. Bb3 Ke7 40. Kc4
Kd6 41. Kb5 Bc7 42. Ka6 Bb8 43. Kb7 Bc7 44. Bd5 Bd8 45. b5 Kc5 46. Kc8 Ba5 47.
Kd7 Kxb5 48. Ke7 Kc5 49. Kf7 f5 50. Kg7 Bd8 51. Kxh6 Bf6 52. Kg6 Bh8 53. Kxf5
Kd6 54. Kxg5 Ke7 55. h6 Kf8 56. Kf5 Ke7 57. g5 Ke8 58. g6 Kf8 59. g7+ Bxg7 60.
hxg7+ Kxg7 61. Kxe5 Kf8 62. Kf6 Ke8 63. e5 Kf8 64. e6 Ke8 65. f4 Kf8 66. e7+
Ke8 67. Bc6# 1-0

[Event "Madrid 2019-2020 ch - Previa b"]
[Site "Madrid ESP"]
[Date "2020.02.06"]
[Round "1.15"]
[White "Rojas Fernandez, Antonio"]
[Black "Narvaez Parra, Vicente"]
[Result "1/2-1/2"]
[WhiteElo "1409"]
[BlackElo "1808"]
[PlyCount "115"]
[EventDate "2020.02.06"]
[EventType "swiss"]
[EventRounds "9"]
[EventCountry "ESP"]
[SourceTitle "Ajedrez en Madrid"]
[Source "lmi"]
[SourceDate "2020.02.06"]
[SourceVersion "1"]
[SourceVersionDate "2020.03.02"]
[SourceQuality "1"]

1. e4 c6 2. d4 d5 3. exd5 cxd5 4. Bd3 Nc6 5. c3 Qc7 6. Be3 Nf6 7. Nd2 e5 8.
dxe5 Nxe5 9. Bc2 Bd6 10. Ngf3 Bg4 11. h3 Bh5 12. O-O O-O 13. Re1 b5 14. Bd4
Rfe8 15. g4 Bg6 16. Bxg6 hxg6 17. Nxe5 Bxe5 18. Bxe5 Rxe5 19. Rxe5 Qxe5 20. Qe1
Qd6 21. Qf1 Qb6 22. Qd3 Rd8 23. Qe3 d4 24. cxd4 Qxd4 25. Qxd4 Rxd4 26. Nb3 Rd3
27. Kg2 Nd5 28. f3 g5 29. Rc1 Ne3+ 30. Kf2 Nc4 31. Ke2 Re3+ 32. Kf2 Rd3 33. Ke2
Rd5 34. Rc2 f6 35. Nd2 Re5+ 36. Kf2 Nxd2 37. Rxd2 a5 38. a3 a4 39. Re2 Rc5 40.
Rd2 Kf8 41. Re2 Kf7 42. Rd2 Ke6 43. Ke3 Ke5 44. Re2 Rd5 45. Kf2+ Kd4 46. Rd2+
Kc4 47. Rxd5 Kxd5 48. Ke2 Kc4 49. Kd2 Kb3 50. Kc1 g6 51. Kb1 Kc4 52. Kc2 Kd4
53. Kd2 Kc4 54. Kc2 Kd4 55. Kd2 Kc4 56. Kc2 b4 57. axb4 Kxb4 58. Kd2 1/2-1/2

[Event "Madrid 2019-2020 ch - Previa b"]
[Site "Madrid ESP"]
[Date "2020.02.06"]
[Round "1.17"]
[White "Martin Rodriguez, Jose Luis"]
[Black "Sanchez Hernandez, Alvaro"]
[Result "0-1"]
[WhiteElo "1197"]
[BlackElo "1772"]
[PlyCount "108"]
[EventDate "2020.02.06"]
[EventType "swiss"]
[EventRounds "9"]
[EventCountry "ESP"]
[SourceTitle "Ajedrez en Madrid"]
[Source "lmi"]
[SourceDate "2020.02.06"]
[SourceVersion "1"]
[SourceVersionDate "2020.03.02"]
[SourceQuality "1"]

1. c4 c5 2. Nc3 Nc6 3. Nf3 g6 4. g3 Bg7 5. Bg2 e6 6. O-O Nge7 7. e4 O-O 8. a3
d6 9. Rb1 a5 10. d3 Nd4 11. Nxd4 cxd4 12. Ne2 Rb8 13. Bd2 b5 14. Qc1 Ba6 15.
Bh6 Bxh6 16. Qxh6 bxc4 17. Nxd4 cxd3 18. Qd2 Qb6 19. Nf3 Rfc8 20. Rfc1 Rxc1+
21. Rxc1 Qxb2 22. Qh6 Qg7 23. Qd2 Qb2 24. Qh6 f6 25. Bh3 f5 26. Ng5 Qg7 27. Qh4
Bc8 28. Bf1 h6 29. Nf3 g5 30. Qh5 fxe4 31. Nd2 d5 32. Rc7 Qg6 33. Qd1 Rb7 34.
Rc5 Ra7 35. Nb3 a4 36. Nd4 Bd7 37. Qb1 Qe8 38. f3 e5 39. Nb5 Bxb5 40. Rxb5 Qd7
41. Qb2 exf3 42. Rb8+ Kf7 43. Bxd3 e4 44. Bb1 Ng6 45. Rb6 Qe7 46. Ba2 Rd7 47.
Rb5 Qe5 48. Qd2 Ne7 49. Rb4 e3 50. Qc1 Rc7 51. Qb1 Qc3 52. Qh7+ Ke8 53. Rb8+
Kd7 54. Qb1 Qc1+ 0-1

[Event "Madrid 2019-2020 ch - Previa b"]
[Site "Madrid ESP"]
[Date "2020.02.07"]
[Round "2.1"]
[White "De la Orden Alcocer, Alejandro"]
[Black "Martin Garcia, Luis I"]
[Result "1-0"]
[WhiteElo "2005"]
[BlackElo "1817"]
[PlyCount "99"]
[EventDate "2020.02.06"]
[EventType "swiss"]
[EventRounds "9"]
[EventCountry "ESP"]
[SourceTitle "Ajedrez en Madrid"]
[Source "lmi"]
[SourceDate "2020.02.06"]
[SourceVersion "1"]
[SourceVersionDate "2020.03.02"]
[SourceQuality "1"]

1. c4 e5 2. g3 Nf6 3. Bg2 d5 4. cxd5 Nxd5 5. Qb3 Nb4 6. Nc3 N8c6 7. Nf3 Be6 8.
Qa4 Qd7 9. a3 Nd5 10. Ng5 Nb6 11. Qd1 Bf5 12. d3 Be7 13. Be3 h6 14. Nf3 Rd8 15.
O-O Bh3 16. Ne4 Bxg2 17. Kxg2 Nd5 18. Bc5 b6 19. Bxe7 Ndxe7 20. Qa4 O-O 21.
Rac1 Qd5 22. Qc4 f5 23. Ned2 Rf6 24. Qxd5+ Nxd5 25. b4 Re6 26. Rc4 Nd4 27. e4
Nf6 28. exf5 Re7 29. Nxd4 Rxd4 30. Rxd4 exd4 31. Nb3 Re2 32. Nxd4 Ra2 33. Rc1
Ng4 34. Rc2 Rxa3 35. Rxc7 Ra2 36. Rc2 Ra4 37. Ne6 Rxb4 38. Rc7 a5 39. Rxg7+ Kh8
40. d4 Rxd4 41. h3 Ne5 42. Rb7 Rd6 43. Nf4 a4 44. Nh5 Nd7 45. g4 Kg8 46. h4 a3
47. Ra7 Rd3 48. g5 hxg5 49. hxg5 Rd5 50. Ra8+ 1-0

[Event "Madrid 2019-2020 ch - Previa b"]
[Site "Madrid ESP"]
[Date "2020.02.07"]
[Round "2.2"]
[White "Estevez Sacristan, Deva"]
[Black "Ocaña Lameiro, Oliver"]
[Result "0-1"]
[WhiteElo "1885"]
[BlackElo "1992"]
[PlyCount "98"]
[EventDate "2020.02.06"]
[EventType "swiss"]
[EventRounds "9"]
[EventCountry "ESP"]
[SourceTitle "Ajedrez en Madrid"]
[Source "lmi"]
[SourceDate "2020.02.06"]
[SourceVersion "1"]
[SourceVersionDate "2020.03.02"]
[SourceQuality "1"]

1. e4 c5 2. Nc3 a6 3. d4 cxd4 4. Qxd4 Nc6 5. Qd2 g6 6. b3 Bg7 7. Bb2 Nf6 8.
O-O-O b5 9. f3 O-O 10. g4 d6 11. h4 h5 12. gxh5 Nxh5 13. Nge2 Kh7 14. Kb1 Bh6
15. f4 Ne5 16. Qd4 Ng4 17. Bc1 f5 18. e5 Bb7 19. Rg1 dxe5 20. Qb4 Qc7 21. fxe5
Bxc1 22. Kxc1 Nxe5 23. Bg2 Bxg2 24. Rxg2 Rac8 25. Kb1 Rfd8 26. Rxd8 Rxd8 27.
Kb2 Rd2 28. Kc1 Qd6 29. Qxd6 Rxd6 30. Ng3 Nxg3 31. Rxg3 Ng4 32. Ne2 e5 33. c4
bxc4 34. bxc4 Kh6 35. Kc2 Kh5 36. Rh3 Nf2 37. Rh2 Ne4 38. Nc3 Nxc3 39. Kxc3 f4
40. c5 Rd8 41. Rd2 Re8 42. Kc4 e4 43. Kd4 e3 44. Re2 Kg4 45. c6 Kf3 46. Rc2 e2
47. Rc3+ Kf2 48. Rc2 Kf1 49. c7 Rc8 0-1

[Event "Madrid 2019-2020 ch - Previa b"]
[Site "Madrid ESP"]
[Date "2020.02.07"]
[Round "2.3"]
[White "Martin Arbeloa, Fernando"]
[Black "Sermukhamedov Minnullina, Adriana"]
[Result "1-0"]
[WhiteElo "1991"]
[BlackElo "1220"]
[PlyCount "114"]
[EventDate "2020.02.06"]
[EventType "swiss"]
[EventRounds "9"]
[EventCountry "ESP"]
[SourceTitle "Ajedrez en Madrid"]
[Source "lmi"]
[SourceDate "2020.02.06"]
[SourceVersion "1"]
[SourceVersionDate "2020.03.02"]
[SourceQuality "1"]

1. d4 Nf6 2. c4 c5 3. d5 d6 4. Nc3 g6 5. e4 Bg7 6. Be2 O-O 7. Bg5 Na6 8. Qd2
Re8 9. Rd1 Nc7 10. f4 Nd7 11. Nf3 a6 12. a4 b5 13. axb5 axb5 14. cxb5 Nb6 15.
O-O Bg4 16. h3 Bxf3 17. Rxf3 Qb8 18. f5 Nd7 19. Rff1 Qa7 20. Bc4 Ne5 21. b3 Nd7
22. Qc2 Qa5 23. Bd2 Qa7 24. Bc1 Ne5 25. Bb2 Qb6 26. fxg6 fxg6 27. Na4 Qb7 28.
Bxe5 Bxe5 29. b6 Na6 30. Bb5 Qc8 31. Bxe8 Qxe8 32. Qe2 Nb4 33. Qg4 c4 34. b7
Rb8 35. Nb6 Rxb7 36. Nxc4 Rb8 37. Nxe5 dxe5 38. Qe6+ Kg7 39. Qxe5+ Kg8 40. Qe6+
Kg7 41. d6 exd6 42. Qf6+ Kg8 43. Rxd6 Rc8 44. Re6 Qf8 45. Qxf8+ Rxf8 46. Rxf8+
Kxf8 47. Kf1 Kf7 48. Rb6 Nd3 49. Ke2 Nc5 50. Ke3 Ke7 51. Kd4 Ne6+ 52. Rxe6+
Kxe6 53. b4 Kd6 54. b5 Kc7 55. Kc5 Kb7 56. e5 Kc7 57. b6+ Kb7 1-0

[Event "Madrid 2019-2020 ch - Previa b"]
[Site "Madrid ESP"]
[Date "2020.02.07"]
[Round "2.4"]
[White "Garcia Serrano, Jose Manuel"]
[Black "Andrade Sandoval, Bianca"]
[Result "1-0"]
[WhiteElo "1863"]
[BlackElo "1966"]
[PlyCount "41"]
[EventDate "2020.02.06"]
[EventType "swiss"]
[EventRounds "9"]
[EventCountry "ESP"]
[SourceTitle "Ajedrez en Madrid"]
[Source "lmi"]
[SourceDate "2020.02.06"]
[SourceVersion "1"]
[SourceVersionDate "2020.03.02"]
[SourceQuality "1"]

1. e4 c5 2. d4 cxd4 3. c3 dxc3 4. Nxc3 e6 5. Nf3 Nc6 6. Bc4 a6 7. O-O b5 8. Bb3
Bb7 9. Bg5 f6 10. Be3 Nge7 11. Nd5 exd5 12. exd5 Na5 13. d6 Nxb3 14. Qxb3 Qb8
15. dxe7 Bxe7 16. Rfe1 Qd6 17. Rad1 Qb4 18. Qxb4 Bxb4 19. Bd2+ Be7 20. Bb4 Bxf3
21. Rxe7+ 1-0